| 000 | 00550nam a2200193 a 4500 | ||
|---|---|---|---|
| 001 | 000011951 | ||
| 005 | 20200929162630.0 | ||
| 008 | 091102s1980 mx 000 0 spa d | ||
| 020 | _a9682300339 | ||
| 040 |
_aDO-SdBNP _bspa _cBNPHU |
||
| 082 |
_axxx _bR347m |
||
| 100 | 1 |
_aReich, Wilhelm _928231 |
|
| 245 | 1 | 0 |
_aMaterialismo dialéctico y psicoanálisis / _cWilhelm Reich. |
| 250 | _a10a ed. | ||
| 260 |
_aMéxico : _bSiglo veintiuno editores, _c1980. |
||
| 300 |
_aviii, 246 p. ; _c16 cm. |
||
| 490 | 1 |
_aMínima _v40 |
|
| 830 | 0 |
_aMínima _v40 _928232 |
|
| 999 |
_c11621 _d11621 |
||